|
|
|
|
| LEADER |
00000nam0a2200000 4500 |
| 001 |
185564 |
| 005 |
20231031173009.0 |
| 010 |
|
|
|a 5060012298
|
| 020 |
|
|
|a RU
|b 88-28729
|
| 035 |
|
|
|a (RuTPU)RU\TPU\book\201280
|
| 090 |
|
|
|a 185564
|
| 100 |
|
|
|a 20101012d1988 m y0rusy5003 ca
|
| 101 |
0 |
|
|a rus
|
| 102 |
|
|
|a RU
|
| 105 |
|
|
|a a j 001zy
|
| 200 |
1 |
|
|a Телевидение
|e учебное пособие
|f Р. Е. Быков, В. М. Сигалов, Г. А. Эйссенгардт
|g под ред. Р. Е. Быкова
|
| 210 |
|
|
|a Москва
|c Высш. шк.
|d 1988
|
| 215 |
|
|
|a 248 с.
|c ил.
|
| 320 |
|
|
|a Библиогр.: с. 244.
|
| 320 |
|
|
|a Предм. указ.: с. 245-246.
|
| 610 |
1 |
|
|a телевизионные устройства
|
| 610 |
1 |
|
|a изображение
|
| 610 |
1 |
|
|a зрительное восприятие
|
| 610 |
1 |
|
|a передача информации
|
| 610 |
1 |
|
|a фотоэлектрические преобразователи
|
| 610 |
1 |
|
|a телевизионные системы
|
| 610 |
1 |
|
|a цветное телевидение
|
| 610 |
1 |
|
|a синхронизация
|
| 610 |
1 |
|
|a цифровая обработка
|
| 610 |
1 |
|
|a видеозапись
|
| 610 |
1 |
|
|a воспроизведение
|
| 610 |
1 |
|
|a люминесцентные экраны
|
| 610 |
1 |
|
|a учебные пособия
|
| 675 |
|
|
|a 621.397.13(075.8)
|z rus
|
| 700 |
|
1 |
|a Быков
|b Р. Е.
|g Роберт Евгеньевич
|
| 701 |
|
1 |
|a Сигалов
|b В. М.
|g Виктор Майорович
|
| 701 |
|
1 |
|a Эйссенгардт
|b Г. А.
|g Гаральд Альфонсович
|
| 702 |
|
1 |
|a Быков
|b Р. Е.
|g Роберт Евгеньевич
|4 340
|
| 801 |
|
0 |
|a RU
|b RuMRKP
|c 19950417
|g psbo
|
| 801 |
|
1 |
|a RU
|b 63413507
|c 20101012
|
| 801 |
|
2 |
|a RU
|b 63413507
|c 20101028
|g RCR
|
| 942 |
|
|
|c BK
|